000 00390nam a22001697a 4500
003 MPLRDC
005 20220104144256.0
008 210129b ||||| |||| 00| 0 eng d
082 _a857.9 JY-4 c.13
100 _a金庸
245 _a雪山飞狐
_c
250 _a再版
260 _a
_b明河出版社
_c1981
300 _b
650 _a武侠小说
942 _cBK
_o857.9 JY-4 c.13
999 _c48026
_d48016